Most Populated U.S. Cities by Year - 1880 - Statistics

General Stats
  • This quiz has been taken 126 times
  • The average score is 19 of 20
Answer Stats
Population Entity Answer % Correct
362,800 Massachusetts Boston
99%
503,200 Illinois Chicago
99%
1,206,300 New York New York City
99%
847,200 Pennsylvania Philadelphia
99%
116,300 Michigan Detroit
98%
234,000 California San Francisco
98%
332,300 Maryland Baltimore
96%
160,100 Ohio Cleveland
96%
147,200 District of Columbia Washington
96%
155,100 New York Buffalo
95%
216,100 Louisiana New Orleans
95%
136,500 New Jersey Newark
94%
350,500 Missouri St. Louis
94%
255,100 Ohio Cincinnati
93%
115,600 Wisconsin Milwaukee
92%
156,400 Pennsylvania Pittsburgh
92%
104,900 Rhode Island Providence
92%
123,800 Kentucky Louisville
89%
120,700 New Jersey Jersey City
88%
566,700 New York Brooklyn
85%
No matching quizzes found
Score Distribution
Percent of People with Each Score
Percentile by Number Answered
Your Score History
You have not taken this quiz